Advances in mapping from remote sensor imagery (Record no. 11866)
[ view plain ]
| 000 -LEADER | |
|---|---|
| fixed length control field | 02891nam a2200325Ia 4500 |
| 001 - CONTROL NUMBER | |
| control field | CRC0KE13589PDF |
| 003 - CONTROL NUMBER IDENTIFIER | |
| control field | BD-DhSAU |
| 005 - DATE AND TIME OF LATEST TRANSACTION | |
| control field | 20151012144306.0 |
| 006 - FIXED-LENGTH DATA ELEMENTS--ADDITIONAL MATERIAL CHARACTERISTICS | |
| fixed length control field | m|||||o||d|||||||| |
| 007 - PHYSICAL DESCRIPTION FIXED FIELD--GENERAL INFORMATION | |
| fixed length control field | cr|||| |
| 008 - FIXED-LENGTH DATA ELEMENTS--GENERAL INFORMATION | |
| fixed length control field | 130305s2013 fluabd sb 001 0 eng d |
| 020 ## - INTERNATIONAL STANDARD BOOK NUMBER | |
| International Standard Book Number | 9781439874592 (ebook : PDF) |
| 040 ## - CATALOGING SOURCE | |
| Original cataloging agency | BD-DhSAU |
| Transcribing agency | BD-DhSAU |
| 090 ## - LOCALLY ASSIGNED LC-TYPE CALL NUMBER (OCLC); LOCAL CALL NUMBER (OCLC) | |
| Classification number (OCLC) (R) ; Classification number, CALL (RLIN) (NR) | GA102.4.R44 |
| Local cutter number (OCLC) ; Book number/undivided call number, CALL (RLIN) | A38 2013 |
| 092 ## - LOCALLY ASSIGNED DEWEY CALL NUMBER (OCLC) | |
| Classification number | 526 |
| Item number | A244 |
| 245 00 - TITLE STATEMENT | |
| Title | Advances in mapping from remote sensor imagery |
| Medium | [electronic resource] : |
| Remainder of title | techniques and applications / |
| Statement of responsibility, etc. | edited by Xiaojun Yang and Jonathan Li. |
| 260 ## - PUBLICATION, DISTRIBUTION, ETC. (IMPRINT) | |
| Place of publication, distribution, etc. | Boca Raton, Fla. : |
| Name of publisher, distributor, etc. | CRC Press, |
| Date of publication, distribution, etc. | 2013. |
| 300 ## - PHYSICAL DESCRIPTION | |
| Extent | xvi, 427 p. : |
| Other physical details | ill., maps. |
| 504 ## - BIBLIOGRAPHY, ETC. NOTE | |
| Bibliography, etc | Includes bibliographical references and index. |
| 505 0# - FORMATTED CONTENTS NOTE | |
| Formatted contents note | 1. Modern photogrammetric mapping / Ayman F. Habib -- 2. Airborne LiDAR remote sensing and its applications / Keqi Zhang, Zheng Cui, and Patricia A. Houle -- 3. Advanced algorithms for land use and cover classification / Mahesh Pal -- 4. Global digital elevation model development from satellite remote-sensing data / Dean B. Gesch -- 5. Digital elevation model generation from satellite interferometric synthetic aperture radar / Zhong Lu ... [et al.] -- 6. Shoreline mapping / Chr istopher E. Parrish -- 7. Seeing residential buildings from remotely sensed imagery : an object-oriented approach / Xuelian Meng ... [et al.] -- 8. Assessment of urbanization patterns and trends in the Gulf of Mexico region of the southeast United States with Landsat and nighttime lights imagery / George Xian and Collin Homer -- 9. Fractional vegetation cover mapping from the HJ-1 small satellite hyperspectral data / Xianfeng Zhang and Chunhua Liao -- 10. Estimating and mapping forest leaf area index using satellite imagery / Ruiliang Pu -- 11. Effects of the spatial pattern of vegetation cover on urban warming in a desert city / Soe W. Myint -- 12. Remote sensing of algal blooms in inland waters using the matrix inversion method and semiempirical algorithms / Glenn Campbell -- 13. Advanced geospatial techniques for mapping and monitoring invasive species / Le Wang and Amy E. Frazier -- 14. Surface deformation mapping with persistent scatterer radar interferometry / Guoxiang Liu ... [et al.] -- 15. Mapping marine oil spills from space / Tae-Jung Kwon and Jonathan Li -- 16. Remote-sensing techniques for natural disaster impact assessment / Piero Boccardo and Fabio Giulio Tonolo. |
| 530 ## - ADDITIONAL PHYSICAL FORM AVAILABLE NOTE | |
| Additional physical form available note | Also available in print edition. |
| 538 ## - SYSTEM DETAILS NOTE | |
| System details note | Mode of access: World Wide Web. |
| 650 #0 - SUBJECT ADDED ENTRY--TOPICAL TERM | |
| Topical term or geographic name as entry element | Cartography |
| General subdivision | Remote sensing. |
| 650 #0 - SUBJECT ADDED ENTRY--TOPICAL TERM | |
| Topical term or geographic name as entry element | Remote sensing. |
| 655 #7 - INDEX TERM--GENRE/FORM | |
| Genre/form data or focus term | Electronic books. |
| Source of term | lcsh |
| 700 1# - ADDED ENTRY--PERSONAL NAME | |
| Personal name | Yang, Xiaojun. |
| 700 1# - ADDED ENTRY--PERSONAL NAME | |
| Personal name | Li, Jonathan. |
| 776 1# - ADDITIONAL PHYSICAL FORM ENTRY | |
| International Standard Book Number | 9781439874585 (hardback : alk. paper) |
| 856 40 - ELECTRONIC LOCATION AND ACCESS | |
| Uniform Resource Identifier | <a href="http://marc.crcnetbase.com/isbn/9781439874592">http://marc.crcnetbase.com/isbn/9781439874592</a> |
| Electronic format type | application/PDF |
No items available.
